Rulers of Bulgaria - Statistics

General Stats
  • This quiz has been taken 70 times
  • The average score is 17 of 57
Answer Stats
Hint Answer % Correct
814-831 Omurtag
80%
701-721 Tervel
80%
803-814 Krum
78%
893-927 Simeon I
66%
681-701 Asparukh
64%
970-971 Boris II
62%
1943-1946 Simeon II
58%
1918-1943 Boris III
54%
1197-1207 Kaloyan
50%
1190-1196 Ivan Asen I
46%
1218-1241 Ivan Asen II
44%
1887-1918 Ferdinand I
42%
997-1014 Samuel
42%
1879-1886 Alexander I
40%
889-893 Vladimir
40%
1279-1280 Ivan Asen III
38%
831-836 Malamir
38%
836-852 Presian I
38%
927-969 Petar I
36%
768-777 Telerig
36%
1207-1218 Boril
34%
1371-1395 Ivan Shishman
34%
1185-1190 Petar II
34%
1196-1197 Petar II
34%
777-803 Kardam
30%
977-991 Roman
30%
738-753 Sevar
28%
1331-1371 Ivan Alexander
26%
1299-1300 Chaka
24%
1015-1018 Ivan Vladislav
24%
753-756 Kormisosh
24%
1257-1277 Constantine I
22%
1397-1422 Constantine II
22%
767-768 Pagan
22%
765-766 Sabin
22%
766-767 Toktu
22%
852-889 Boris Michael I
18%
721-738 Kormesiy
18%
762-765 Telets
18%
1280-1292 George Terter I
16%
1321-1322 George Terter II
16%
1330-1331 Ivan Stephen
16%
1256-1257 Mitso Asen
16%
756-762 Vinekh
16%
1356-1396 Ivan Sratsimir
14%
1277-1280 Ivaylo
14%
1292-1298 Smilets
14%
766 Umor
14%
1246-1256 Michael II Asen
12%
1323-1330 Michael III Shishman
12%
1300-1321 Theodore Svetoslav
12%
1072 Constantine Bodin
10%
1014-1015 Gavril Radomir
10%
1241-1246 Kaliman Asen I
10%
1256 Kaliman Asen II
10%
1040-1041 Peter Delyan
10%
1886-1886 Valdemar of Denmark
4%
No matching quizzes found
Score Distribution
Percent of People with Each Score
Percentile by Number Answered
Your Score History
You have not taken this quiz